Castlegroom Ltd v Enoch and others (No 2) (Record no. 73971)
[ view plain ]
| 000 -LEADER | |
|---|---|
| fixed length control field | 02429cam a2200277 4500 |
| 001 - CONTROL NUMBER | |
| control field | ABS67351 |
| 008 - FIXED-LENGTH DATA ELEMENTS--GENERAL INFORMATION | |
| fixed length control field | 031218n2003 000 0 eng u |
| 035 ## - SYSTEM CONTROL NUMBER | |
| System control number | (Sirsi) u124646 |
| 245 ## - TITLE STATEMENT | |
| Title | Castlegroom Ltd v Enoch and others (No 2) |
| 260 ## - PUBLICATION, DISTRIBUTION, ETC. | |
| Date of publication, distribution, etc. | 2003 |
| 490 ## - SERIES STATEMENT | |
| Series statement | Estates Gazette |
| Volume/sequential designation | [2003] 48 EG 128-131(4) |
| 520 ## - SUMMARY, ETC. | |
| Summary, etc. | LVT for London Rent Assessment Panel LON/ENF/481/00, 2 September 2003. Terms of acquisition of the freehold and headlease of a block of flats had been agreed between the nominee purchaser (C) and the freeholders and intermediate lessee (E) under the Leasehold Reform, Housing and Urban Development Act 1993 s24(4)(b) and sent to the LVT. A dispute over outstanding service charges prevented any binding contract being entered into by the parties within the two-month period specified by s24(6)(a) of the 1993 Act. A vesting order was granted to C and C paid the price into the court (see Abs67082). Without releasing the transfers as ordered, E applied to have their interests re-assessed pursuant to s24(4)(b) of the Act, arguing that 'a change of circumstances' had arisen within the meaning of s24(4)(b)(i) of the Act, namely that values had risen since the agreed valuation date in 2000. "Decision", the LVT concluded as a preliminary issue that it did not have jurisdiction to determine the amounts of service charge due under Sched 5 para 3(1)(b) of the Act because the appropriate sum had been paid into court pursuant to the vesting order. Increased property prices did not constitute a relevant change of circumstances. S24(4)(b) does not give the LVT discretion to ignore the statute's express provision as to valuation date. View decision at www.lease-advice.org. |
| 590 ## - LOCAL NOTE (RLIN) | |
| Local note | ABS |
| 650 ## - SUBJECT ADDED ENTRY--TOPICAL TERM | |
| Topical term or geographic name entry element | LEASEHOLD REFORM, HOUSING AND URBAN DEVELOPMENT ACT 1993 S24(6)(A) |
| 650 ## - SUBJECT ADDED ENTRY--TOPICAL TERM | |
| Topical term or geographic name entry element | LEASEHOLD ENFRANCHISEMENT |
| 650 ## - SUBJECT ADDED ENTRY--TOPICAL TERM | |
| Topical term or geographic name entry element | LEASEHOLD REFORM, HOUSING AND URBAN DEVELOPMENT ACT 1993 S24(4)(B) |
| 650 ## - SUBJECT ADDED ENTRY--TOPICAL TERM | |
| Topical term or geographic name entry element | LEASEHOLD REFORM, HOUSING AND URBAN DEVELOPMENT ACT 1993 S24(4)(B)(1) |
| 650 ## - SUBJECT ADDED ENTRY--TOPICAL TERM | |
| Topical term or geographic name entry element | LEASEHOLD REFORM, HOUSING AND URBAN DEVELOPMENT ACT 1993 SCHED 5 PARA 3(1)(B) |
| 650 ## - SUBJECT ADDED ENTRY--TOPICAL TERM | |
| Topical term or geographic name entry element | LEASEHOLD VALUATIONS |
| 650 ## - SUBJECT ADDED ENTRY--TOPICAL TERM | |
| Topical term or geographic name entry element | LEASEHOLD VALUATION TRIBUNALS |
| 650 ## - SUBJECT ADDED ENTRY--TOPICAL TERM | |
| Topical term or geographic name entry element | VESTING ORDERS |
| 650 ## - SUBJECT ADDED ENTRY--TOPICAL TERM | |
| Topical term or geographic name entry element | SERVICE CHARGES |
| 690 ## - LOCAL SUBJECT ADDED ENTRY--TOPICAL TERM (OCLC, RLIN) | |
| Topical term or geographic name as entry element | LANDLORD AND TENANT-LEASEHOLD REFORM-CASE LAW |
| 856 ## - ELECTRONIC LOCATION AND ACCESS | |
| Uniform Resource Identifier | <a href="https://www.lease-advice.org/decisions/table1.html">https://www.lease-advice.org/decisions/table1.html</a> |
| Public note | View decision on the Lease website... |
| 942 ## - ADDED ENTRY ELEMENTS (KOHA) | |
| Suppress in OPAC | 0 |
| Withdrawn status | Lost status | Source of classification or shelving scheme | Damaged status | Not for loan | Home library | Current library | Shelving location | Date acquired | Total Checkouts | Full call number | Barcode | Date last seen | Copy number | Price effective from | Koha item type |
|---|---|---|---|---|---|---|---|---|---|---|---|---|---|---|---|
| Dewey Decimal Classification | London | London | Journal article | 18/12/2003 | ABS67351 | 124646-1001 | 06/08/2019 | 1 | 06/08/2019 | Law report |